Zásoby v organizáciách štátnej správy a samosprávy

Vymedzenie zásob. Oceňovanie zásob. Účtovanie zásob. Zníženie ocenenia zásob. Príklady.

Na minha lista:
Detalhes bibliográficos
Autor principal: Zakhar, Ladislav
Outros Autores: Zakharová, Irena
Formato: Capítulo de Livro
Idioma:eslovaco
Assuntos:
Tags: Adicionar Tag
Sem tags, seja o primeiro a adicionar uma tag!

MARC

LEADER 00000naa$a2200000$$$4500
001 0099041
005 20231106095212.7
041 0 |a slo 
044 |a SK 
245 1 0 |a Zásoby v organizáciách štátnej správy a samosprávy  |c Ladislav Zakhar, Irena Zakharová 
520 |a Vymedzenie zásob. Oceňovanie zásob. Účtovanie zásob. Zníženie ocenenia zásob. Príklady. 
610 2 0 |a zásoby 
610 2 0 |a účtovanie 
610 2 0 |a organizácie 
610 2 0 |a správa štátna 
610 2 0 |a samospráva 
100 1 |a Zakhar, Ladislav 
700 1 |a Zakharová, Irena